| 000 | 005520000a22001810004500 | ||
|---|---|---|---|
| 001 | 20265 | ||
| 090 | _a20265 | ||
| 100 | _a20071029d1988 m y0pory5003 ba | ||
| 101 | 0 | _apor | |
| 102 | _aPT | ||
| 200 | 1 |
_aSporting Clube de Portugal _efotobiografia _fRui Guedes |
|
| 210 |
_aLisboa _cDom Quixote _d1988 |
||
| 215 |
_a239, [62] p. _cil. _e1 fot. |
||
| 675 |
_a796.33(091)(084.12) _vBN _zpor |
||
| 675 |
_a061.237(469.411) _vBN _zpor |
||
| 700 | 1 |
_aGuedes _bRui |
|
| 942 |
_cMON _n0 |
||
| 999 |
_a20265 _bBibliobase - BMTAV _c2019-01-21 |
||